000 004660000a22001810004500
003 MACL
005 20151013131242.0
008 151013b xxu||||| |||| 00| 0 eng d
040 _aMACL
_cMACL
041 _aEnglish
082 _a920/AHM
100 _aAhmed, Salma
_914571
245 _aCutting Free
_bThe Extraordinary Memoir of a Pakistan Women
260 _bLotus Collection
_c2007
_aNoida
350 _a295
650 _aBiography
_914572
942 _cBK
_k920
_2ddc
999 _c8823
_d8823